[Event "2023 National K-12 Grade Championships"]
[Site "Orlando, Florida, United States"]
[Date "2023.12.15"]
[Round "2.9"]
[White "Koganov, Lev"]
[Black "Ngo, Bach"]
[Result "0-1"]
[TimeControl "G/90;d10"]
[WhiteElo "1807"]
[BlackElo "2446"]

1. e4 {[%clk 01:30:00]} {[%emt 00:00:01]} e5 {[%clk 01:30:00]} {[%emt
00:00:06]} 2. Nf3 {[%clk 01:30:00]} {[%emt 00:00:06]} Nc6 {[%clk 01:30:00]}
{[%emt 00:00:03]} 3. Bc4 {[%clk 01:30:00]} {[%emt 00:00:05]} Bc5 {[%clk
01:30:00]} {[%emt 00:00:05]} 4. c3 {[%clk 01:30:00]} {[%emt 00:00:04]} Nf6
{[%clk 01:30:00]} {[%emt 00:00:04]} 5. d4 {[%clk 01:30:00]} {[%emt 00:00:04]}
exd4 {[%clk 01:30:00]} {[%emt 00:00:06]} 6. cxd4 {[%clk 01:30:00]} {[%emt
00:00:05]} Bb4+ {[%clk 01:30:00]} {[%emt 00:00:04]} 7. Nc3 {[%clk 01:30:00]}
{[%emt 00:00:06]} Nxe4 {[%clk 01:29:49]} {[%emt 00:00:21]} 8. O-O {[%clk
01:30:00]} {[%emt 00:00:03]} Bxc3 {[%clk 01:29:45]} {[%emt 00:00:13]} 9. d5
{[%clk 01:30:00]} {[%emt 00:00:05]} Ne5 {[%clk 01:28:58]} {[%emt 00:00:57]} 10.
bxc3 {[%clk 01:30:00]} {[%emt 00:00:09]} Nxc4 {[%clk 01:28:58]} {[%emt
00:00:08]} 11. Qd4 {[%clk 01:30:00]} {[%emt 00:00:05]} O-O {[%clk 01:28:46]}
{[%emt 00:00:21]} 12. Qxc4 {[%clk 01:30:00]} {[%emt 00:00:05]} Nd6 {[%clk
01:28:46]} {[%emt 00:00:06]} 13. Qf4 {[%clk 01:30:00]} {[%emt 00:00:08]} Ne8
{[%clk 01:27:40]} {[%emt 00:01:17]} 14. Bb2 {[%clk 01:28:05]} {[%emt 00:02:06]}
Qf6 {[%clk 01:22:56]} {[%emt 00:04:53]} 15. Qd2 {[%clk 01:26:03]} {[%emt
00:02:13]} d6 {[%clk 01:22:40]} {[%emt 00:00:25]} 16. c4 {[%clk 01:24:19]}
{[%emt 00:01:55]} Qg6 {[%clk 01:22:32]} {[%emt 00:00:17]} 17. Rfe1 {[%clk
01:24:15]} {[%emt 00:00:16]} Bg4 {[%clk 01:21:11]} {[%emt 00:01:28]} 18. Re3
{[%clk 01:19:36]} {[%emt 00:04:51]} Nf6 {[%clk 01:11:20]} {[%emt 00:10:01]} 19.
Nd4 {[%clk 01:12:55]} {[%emt 00:06:52]} Rfe8 {[%clk 01:08:09]} {[%emt
00:03:20]} 20. Rae1 {[%clk 01:08:48]} {[%emt 00:04:16]} Bd7 {[%clk 01:06:37]}
{[%emt 00:01:41]} 21. f3 {[%clk 00:51:42]} {[%emt 00:17:18]} a6 {[%clk
01:04:48]} {[%emt 00:01:57]} 22. Rb3 {[%clk 00:44:51]} {[%emt 00:07:03]} Rxe1+
{[%clk 01:04:08]} {[%emt 00:00:50]} 23. Qxe1 {[%clk 00:44:51]} {[%emt
00:00:02]} Re8 {[%clk 01:04:08]} {[%emt 00:00:08]} 24. Qd2 {[%clk 00:44:26]}
{[%emt 00:00:35]} Bc8 {[%clk 01:00:00]} {[%emt 00:04:17]} 25. Ne2 {[%clk
00:36:32]} {[%emt 00:08:04]} Nd7 {[%clk 00:57:55]} {[%emt 00:02:14]} 26. Nf4
{[%clk 00:32:43]} {[%emt 00:04:02]} Qh6 {[%clk 00:57:28]} {[%emt 00:00:36]} 27.
Re3 {[%clk 00:29:45]} {[%emt 00:03:08]} Rxe3 {[%clk 00:52:59]} {[%emt
00:04:38]} 28. Qxe3 {[%clk 00:29:45]} {[%emt 00:00:11]} Kf8 {[%clk 00:52:50]}
{[%emt 00:00:18]} 29. g3 {[%clk 00:24:11]} {[%emt 00:05:45]} b6 {[%clk
00:52:01]} {[%emt 00:00:58]} 30. Qd4 {[%clk 00:21:22]} {[%emt 00:03:00]} a5
{[%clk 00:48:16]} {[%emt 00:03:54]} 31. h4 {[%clk 00:18:07]} {[%emt 00:03:26]}
Qf6 {[%clk 00:45:59]} {[%emt 00:02:25]} 32. Qd2 {[%clk 00:17:27]} {[%emt
00:00:51]} Ne5 {[%clk 00:45:53]} {[%emt 00:00:16]} 33. Kf2 {[%clk 00:15:54]}
{[%emt 00:01:43]} Nxc4 {[%clk 00:44:26]} {[%emt 00:01:37]} 34. Bxf6 {[%clk
00:15:52]} {[%emt 00:00:12]} Nxd2 {[%clk 00:44:26]} {[%emt 00:00:07]} 35. Bd8
{[%clk 00:15:52]} {[%emt 00:00:03]} Ke8 {[%clk 00:44:09]} {[%emt 00:00:26]} 36.
Bxc7 {[%clk 00:15:49]} {[%emt 00:00:13]} Nc4 {[%clk 00:44:09]} {[%emt
00:00:05]} 37. Nh5 {[%clk 00:10:54]} {[%emt 00:05:05]} Kd7 {[%clk 00:44:02]}
{[%emt 00:00:18]} 38. Bb8 {[%clk 00:10:54]} {[%emt 00:00:02]} Ba6 {[%clk
00:43:37]} {[%emt 00:00:35]} 39. Nxg7 {[%clk 00:10:26]} {[%emt 00:00:37]} Kc8
{[%clk 00:43:37]} {[%emt 00:00:05]} 40. Ba7 {[%clk 00:10:26]} {[%emt 00:00:05]}
Kb7 {[%clk 00:43:37]} {[%emt 00:00:05]} 0-1

[Event "2023 National K-12 Grade Championships"]
[Site "Orlando, Florida, United States"]
[Date "2023.12.15"]
[Round "2.10"]
[White "Gao, Marvin"]
[Black "Wang, Kalia"]
[Result "1-0"]
[TimeControl "G/90;d10"]
[WhiteElo "2306"]
[BlackElo "1810"]

1. e4 {[%clk 01:24:59]} {[%emt 00:05:10]} e5 {[%clk 01:30:00]} {[%emt
00:00:12]} 2. Nf3 {[%clk 01:22:22]} {[%emt 00:02:45]} Nc6 {[%clk 01:30:00]}
{[%emt 00:00:10]} 3. Bb5 {[%clk 01:22:22]} {[%emt 00:00:08]} a6 {[%clk
01:30:00]} {[%emt 00:00:11]} 4. Ba4 {[%clk 01:22:22]} {[%emt 00:00:04]} Nf6
{[%clk 01:29:53]} {[%emt 00:00:17]} 5. O-O {[%clk 01:20:56]} {[%emt 00:01:34]}
Be7 {[%clk 01:29:51]} {[%emt 00:00:14]} 6. Re1 {[%clk 01:20:26]} {[%emt
00:00:39]} b5 {[%clk 01:29:45]} {[%emt 00:00:17]} 7. Bb3 {[%clk 01:20:26]}
{[%emt 00:00:02]} O-O {[%clk 01:29:39]} {[%emt 00:00:16]} 8. a4 {[%clk
01:20:20]} {[%emt 00:00:15]} b4 {[%clk 01:28:40]} {[%emt 00:01:09]} 9. d4
{[%clk 01:19:12]} {[%emt 00:01:16]} d6 {[%clk 01:27:02]} {[%emt 00:01:50]} 10.
d5 {[%clk 01:13:42]} {[%emt 00:05:40]} Na5 {[%clk 01:26:07]} {[%emt 00:01:06]}
11. Ba2 {[%clk 01:13:22]} {[%emt 00:00:29]} Bd7 {[%clk 01:24:17]} {[%emt
00:02:01]} 12. c3 {[%clk 01:11:05]} {[%emt 00:02:27]} c5 {[%clk 01:19:08]}
{[%emt 00:05:19]} 13. Nbd2 {[%clk 01:08:07]} {[%emt 00:03:07]} Rb8 {[%clk
01:17:11]} {[%emt 00:02:08]} 14. c4 {[%clk 00:56:08]} {[%emt 00:12:08]} h6
{[%clk 01:10:32]} {[%emt 00:06:43]} 15. b3 {[%clk 00:54:52]} {[%emt 00:01:30]}
Nh7 {[%clk 01:08:51]} {[%emt 00:01:53]} 16. Bb1 {[%clk 00:50:20]} {[%emt
00:04:41]} Bg5 {[%clk 01:03:41]} {[%emt 00:05:21]} 17. Nxg5 {[%clk 00:49:02]}
{[%emt 00:01:27]} Nxg5 {[%clk 00:59:22]} {[%emt 00:04:29]} 18. Nf1 {[%clk
00:47:23]} {[%emt 00:01:48]} f5 {[%clk 00:51:10]} {[%emt 00:08:24]} 19. f4
{[%clk 00:43:04]} {[%emt 00:04:28]} Nxe4 {[%clk 00:46:38]} {[%emt 00:04:42]} 20.
Bxe4 {[%clk 00:43:01]} {[%emt 00:00:13]} fxe4 {[%clk 00:46:36]} {[%emt
00:00:13]} 21. fxe5 {[%clk 00:43:01]} {[%emt 00:00:04]} dxe5 {[%clk 00:45:01]}
{[%emt 00:01:46]} 22. Ng3 {[%clk 00:42:47]} {[%emt 00:00:23]} Nb7 {[%clk
00:42:13]} {[%emt 00:02:59]} 23. Bb2 {[%clk 00:37:05]} {[%emt 00:05:51]} Qg5
{[%clk 00:31:50]} {[%emt 00:10:34]} 24. Rxe4 {[%clk 00:33:47]} {[%emt
00:03:27]} Nd6 {[%clk 00:25:17]} {[%emt 00:06:44]} 25. Rxe5 {[%clk 00:33:33]}
{[%emt 00:00:24]} Qf4 {[%clk 00:23:57]} {[%emt 00:01:29]} 26. Qe2 {[%clk
00:31:35]} {[%emt 00:02:08]} Bg4 {[%clk 00:18:55]} {[%emt 00:05:12]} 27. Qe3
{[%clk 00:30:59]} {[%emt 00:00:45]} Qf6 {[%clk 00:18:00]} {[%emt 00:01:06]} 28.
Qxc5 {[%clk 00:27:27]} {[%emt 00:03:42]} Nf7 {[%clk 00:15:32]} {[%emt
00:02:38]} 29. Re2 {[%clk 00:26:02]} {[%emt 00:01:36]} Qg6 {[%clk 00:14:50]}
{[%emt 00:00:51]} 30. Rf2 {[%clk 00:25:53]} {[%emt 00:00:20]} h5 {[%clk
00:13:06]} {[%emt 00:01:53]} 31. Raf1 {[%clk 00:21:41]} {[%emt 00:04:21]} Rfc8
{[%clk 00:11:04]} {[%emt 00:02:13]} 32. Qd4 {[%clk 00:20:59]} {[%emt 00:00:51]}
Nh6 {[%clk 00:10:12]} {[%emt 00:01:03]} 33. Ne4 {[%clk 00:20:19]} {[%emt
00:00:51]} Rb7 {[%clk 00:07:59]} {[%emt 00:02:23]} 34. Rf6 {[%clk 00:18:09]}
{[%emt 00:02:20]} Qh7 {[%clk 00:06:27]} {[%emt 00:01:42]} 35. Ng5 {[%clk
00:16:45]} {[%emt 00:01:33]} Qh8 {[%clk 00:06:17]} {[%emt 00:00:21]} 36. Rc6
{[%clk 00:16:09]} {[%emt 00:00:46]} Re8 {[%clk 00:05:57]} {[%emt 00:00:29]} 37.
d6 {[%clk 00:16:02]} {[%emt 00:00:17]} Nf7 {[%clk 00:03:38]} {[%emt 00:02:30]}
38. Qd5 {[%clk 00:15:39]} {[%emt 00:00:32]} Rf8 {[%clk 00:03:28]} {[%emt
00:00:20]} 39. Rc7 {[%clk 00:15:23]} {[%emt 00:00:26]} Rxc7 {[%clk 00:03:15]}
{[%emt 00:00:23]} 40. dxc7 {[%clk 00:15:23]} {[%emt 00:00:02]} 1-0

[Event "2023 National K-12 Grade Championships"]
[Site "Orlando, Florida, United States"]
[Date "2023.12.15"]
[Round "2.11"]
[White "Chen, David"]
[Black "Zhang, Roger"]
[Result "0-1"]
[TimeControl "G/90;d10"]
[WhiteElo "1798"]
[BlackElo "2214"]

1. d4 {[%clk 01:30:00]} {[%emt 00:00:03]} Nf6 {[%clk 01:30:00]} {[%emt
00:00:03]} 2. Nf3 {[%clk 01:29:53]} {[%emt 00:00:17]} e6 {[%clk 01:29:56]}
{[%emt 00:00:15]} 3. c4 {[%clk 01:29:45]} {[%emt 00:00:17]} d5 {[%clk
01:29:56]} {[%emt 00:00:03]} 4. g3 {[%clk 01:29:45]} {[%emt 00:00:05]} Be7
{[%clk 01:29:53]} {[%emt 00:00:13]} 5. Bg2 {[%clk 01:29:45]} {[%emt 00:00:05]}
O-O {[%clk 01:29:53]} {[%emt 00:00:08]} 6. O-O {[%clk 01:29:45]} {[%emt
00:00:02]} dxc4 {[%clk 01:29:53]} {[%emt 00:00:04]} 7. Qc2 {[%clk 01:29:45]}
{[%emt 00:00:04]} a6 {[%clk 01:29:22]} {[%emt 00:00:41]} 8. a4 {[%clk
01:29:45]} {[%emt 00:00:02]} Bd7 {[%clk 01:29:22]} {[%emt 00:00:07]} 9. Qxc4
{[%clk 01:29:43]} {[%emt 00:00:13]} Bc6 {[%clk 01:29:13]} {[%emt 00:00:19]} 10.
Bg5 {[%clk 01:29:43]} {[%emt 00:00:05]} Nbd7 {[%clk 01:28:47]} {[%emt
00:00:37]} 11. Rd1 {[%clk 01:28:58]} {[%emt 00:00:54]} h6 {[%clk 01:28:02]}
{[%emt 00:00:55]} 12. Bxf6 {[%clk 01:28:58]} {[%emt 00:00:03]} Nxf6 {[%clk
01:28:02]} {[%emt 00:00:02]} 13. Nc3 {[%clk 01:28:23]} {[%emt 00:00:46]} Bd6
{[%clk 01:24:56]} {[%emt 00:03:15]} 14. e3 {[%clk 01:27:12]} {[%emt 00:01:20]}
Qe7 {[%clk 01:23:10]} {[%emt 00:01:57]} 15. Ne1 {[%clk 01:24:46]} {[%emt
00:02:35]} Bxg2 {[%clk 01:22:18]} {[%emt 00:01:02]} 16. Kxg2 {[%clk 01:24:42]}
{[%emt 00:00:15]} c5 {[%clk 01:15:20]} {[%emt 00:07:08]} 17. dxc5 {[%clk
01:23:49]} {[%emt 00:01:02]} Bxc5 {[%clk 01:15:20]} {[%emt 00:00:07]} 18. Ne4
{[%clk 01:23:18]} {[%emt 00:00:40]} Nxe4 {[%clk 01:13:45]} {[%emt 00:01:46]} 19.
Qxe4 {[%clk 01:23:18]} {[%emt 00:00:02]} Bd6 {[%clk 01:12:04]} {[%emt
00:01:51]} 20. Nf3 {[%clk 01:22:20]} {[%emt 00:01:08]} Rac8 {[%clk 01:05:14]}
{[%emt 00:07:00]} 21. Rac1 {[%clk 01:21:59]} {[%emt 00:00:30]} Rc7 {[%clk
01:04:03]} {[%emt 00:01:22]} 22. Rxc7 {[%clk 01:19:01]} {[%emt 00:03:08]} Qxc7
{[%clk 01:03:56]} {[%emt 00:00:18]} 23. Qd3 {[%clk 01:17:28]} {[%emt 00:01:42]}
Rd8 {[%clk 01:00:42]} {[%emt 00:03:24]} 24. Qb3 {[%clk 01:16:26]} {[%emt
00:01:12]} Qc6 {[%clk 00:59:42]} {[%emt 00:01:10]} 25. Rd2 {[%clk 01:14:31]}
{[%emt 00:02:05]} Rc8 {[%clk 00:54:04]} {[%emt 00:05:48]} 26. Qd1 {[%clk
01:14:09]} {[%emt 00:00:31]} Be7 {[%clk 00:52:15]} {[%emt 00:02:00]} 27. Kg1
{[%clk 01:12:20]} {[%emt 00:01:59]} Bf6 {[%clk 00:50:49]} {[%emt 00:01:36]} 28.
Nd4 {[%clk 01:10:04]} {[%emt 00:02:26]} Qc1 {[%clk 00:50:01]} {[%emt 00:00:58]}
29. Kg2 {[%clk 01:00:15]} {[%emt 00:10:00]} Qxd1 {[%clk 00:49:53]} {[%emt
00:00:17]} 30. Rxd1 {[%clk 01:00:15]} {[%emt 00:00:02]} Rc4 {[%clk 00:48:04]}
{[%emt 00:01:59]} 31. b3 {[%clk 00:59:14]} {[%emt 00:01:10]} Rc3 {[%clk
00:44:22]} {[%emt 00:03:52]} 32. Rb1 {[%clk 00:51:44]} {[%emt 00:07:41]} Bxd4
{[%clk 00:44:22]} {[%emt 00:00:06]} 33. exd4 {[%clk 00:51:44]} Rd3 {[%clk
00:44:22]} {[%emt 00:00:05]} 34. Rc1 {[%clk 00:49:53]} {[%emt 00:02:01]} Rxb3
{[%clk 00:44:03]} {[%emt 00:00:29]} 35. d5 {[%clk 00:49:13]} {[%emt 00:00:49]}
exd5 {[%clk 00:43:54]} {[%emt 00:00:19]} 36. Rd1 {[%clk 00:48:07]} {[%emt
00:01:16]} Rb4 {[%clk 00:42:05]} {[%emt 00:02:00]} 37. Rxd5 {[%clk 00:47:55]}
{[%emt 00:00:22]} Rxa4 {[%clk 00:42:05]} {[%emt 00:00:04]} 38. Rd8+ {[%clk
00:47:45]} {[%emt 00:00:19]} Kh7 {[%clk 00:42:05]} {[%emt 00:00:03]} 39. Rd7
{[%clk 00:47:45]} {[%emt 00:00:04]} b5 {[%clk 00:42:05]} {[%emt 00:00:08]} 40.
Rxf7 {[%clk 00:47:45]} {[%emt 00:00:07]} b4 {[%clk 00:42:05]} {[%emt 00:00:04]}
41. f4 {[%clk 00:47:39]} {[%emt 00:00:16]} b3 {[%clk 00:41:20]} {[%emt
00:00:55]} 42. Rb7 {[%clk 00:47:28]} {[%emt 00:00:20]} Ra2+ {[%clk 00:40:58]}
{[%emt 00:00:34]} 43. Kf3 {[%clk 00:47:28]} b2 {[%clk 00:40:56]} {[%emt
00:00:12]} 44. f5 {[%clk 00:47:15]} {[%emt 00:00:23]} Kg8 {[%clk 00:40:34]}
{[%emt 00:00:32]} 45. Ke4 {[%clk 00:46:08]} {[%emt 00:01:16]} Kf8 {[%clk
00:34:16]} {[%emt 00:06:28]} 46. Kd4 {[%clk 00:43:34]} {[%emt 00:02:44]} Kg8
{[%clk 00:20:27]} {[%emt 00:13:59]} 47. g4 {[%clk 00:41:39]} {[%emt 00:02:05]}
Ra4+ {[%clk 00:19:08]} {[%emt 00:01:30]} 48. Ke3 {[%clk 00:40:36]} {[%emt
00:01:11]} Rxg4 {[%clk 00:18:13]} {[%emt 00:01:06]} 49. Rxb2 {[%clk 00:40:36]}
{[%emt 00:00:03]} a5 {[%clk 00:15:44]} {[%emt 00:02:38]} 50. Rb7 {[%clk
00:40:00]} {[%emt 00:00:47]} a4 {[%clk 00:15:44]} {[%emt 00:00:10]} 51. Ra7
{[%clk 00:39:51]} {[%emt 00:00:18]} Rh4 {[%clk 00:14:47]} {[%emt 00:01:07]} 52.
Kf3 {[%clk 00:39:21]} {[%emt 00:00:40]} Kf8 {[%clk 00:14:17]} {[%emt 00:00:40]}
53. Kg3 {[%clk 00:39:01]} {[%emt 00:00:30]} Rb4 {[%clk 00:14:15]} {[%emt
00:00:12]} 54. f6 {[%clk 00:36:15]} {[%emt 00:02:55]} gxf6 {[%clk 00:14:09]}
{[%emt 00:00:17]} 55. Rh7 {[%clk 00:36:15]} {[%emt 00:00:02]} a3 {[%clk
00:11:59]} {[%emt 00:02:21]} 56. Rxh6 {[%clk 00:36:12]} {[%emt 00:00:13]} Kg7
{[%clk 00:11:54]} {[%emt 00:00:15]} 57. Rh5 {[%clk 00:36:12]} {[%emt 00:00:09]}
Ra4 {[%clk 00:11:54]} {[%emt 00:00:04]} 0-1

[Event "2023 National K-12 Grade Championships"]
[Site "Orlando, Florida, United States"]
[Date "2023.12.15"]
[Round "2.12"]
[White "Hardaway, Brewington"]
[Black "Barry, Louis"]
[Result "1-0"]
[TimeControl "G/90;d10"]
[WhiteElo "2457"]
[BlackElo "1755"]

1. Nf3 {[%clk 01:30:00]} Nf6 {[%clk 01:30:00]} {[%emt 00:00:06]} 2. c4 {[%clk
01:30:00]} {[%emt 00:00:04]} c5 {[%clk 01:30:00]} {[%emt 00:00:05]} 3. Nc3
{[%clk 01:30:00]} {[%emt 00:00:05]} Nc6 {[%clk 01:30:00]} {[%emt 00:00:07]} 4.
d4 {[%clk 01:30:00]} {[%emt 00:00:03]} cxd4 {[%clk 01:29:53]} {[%emt 00:00:17]}
5. Nxd4 {[%clk 01:30:00]} {[%emt 00:00:01]} e5 {[%clk 01:29:25]} {[%emt
00:00:38]} 6. Nc2 {[%clk 01:29:07]} {[%emt 00:01:04]} Bc5 {[%clk 01:26:19]}
{[%emt 00:03:15]} 7. g3 {[%clk 01:28:51]} {[%emt 00:00:26]} O-O {[%clk
01:24:21]} {[%emt 00:02:08]} 8. Bg2 {[%clk 01:28:51]} {[%emt 00:00:02]} h6
{[%clk 01:20:46]} {[%emt 00:03:45]} 9. O-O {[%clk 01:27:45]} {[%emt 00:01:15]}
d6 {[%clk 01:19:24]} {[%emt 00:01:33]} 10. b3 {[%clk 01:26:48]} {[%emt
00:01:06]} Bf5 {[%clk 01:18:07]} {[%emt 00:01:27]} 11. Ne3 {[%clk 01:25:11]}
{[%emt 00:01:47]} Bg6 {[%clk 01:11:56]} {[%emt 00:06:22]} 12. a3 {[%clk
01:22:42]} {[%emt 00:02:39]} Bd4 {[%clk 01:03:49]} {[%emt 00:08:16]} 13. Bd2
{[%clk 01:22:40]} {[%emt 00:00:12]} Rc8 {[%clk 01:00:27]} {[%emt 00:03:32]} 14.
Ra2 {[%clk 01:21:35]} {[%emt 00:01:16]} Qd7 {[%clk 00:53:12]} {[%emt 00:07:25]}
15. Ned5 {[%clk 01:19:07]} {[%emt 00:02:37]} Nxd5 {[%clk 00:51:58]} {[%emt
00:01:25]} 16. Nxd5 {[%clk 01:19:07]} {[%emt 00:00:06]} Ne7 {[%clk 00:51:11]}
{[%emt 00:00:57]} 17. e3 {[%clk 01:16:42]} {[%emt 00:02:34]} Nxd5 {[%clk
00:48:35]} {[%emt 00:02:46]} 18. exd4 {[%clk 01:15:41]} {[%emt 00:01:12]} Nf6
{[%clk 00:47:49]} {[%emt 00:00:56]} 19. dxe5 {[%clk 01:09:22]} {[%emt
00:06:29]} dxe5 {[%clk 00:47:49]} {[%emt 00:00:07]} 20. Bc3 {[%clk 01:09:19]}
{[%emt 00:00:10]} Qc7 {[%clk 00:41:34]} {[%emt 00:06:28]} 21. Re1 {[%clk
01:08:40]} {[%emt 00:00:49]} Rfe8 {[%clk 00:41:20]} {[%emt 00:00:25]} 22. Qa1
{[%clk 01:07:44]} {[%emt 00:01:05]} Qb6 {[%clk 00:30:09]} {[%emt 00:11:22]} 23.
Qb2 {[%clk 01:06:00]} {[%emt 00:01:54]} Nd7 {[%clk 00:28:37]} {[%emt 00:01:42]}
24. Rd1 {[%clk 00:55:33]} {[%emt 00:10:36]} Nc5 {[%clk 00:25:16]} {[%emt
00:03:32]} 25. b4 {[%clk 00:55:05]} {[%emt 00:00:38]} Nd3 {[%clk 00:15:21]}
{[%emt 00:10:05]} 26. Qe2 {[%clk 00:54:03]} {[%emt 00:01:09]} e4 {[%clk
00:15:21]} {[%emt 00:00:12]} 27. c5 {[%clk 00:48:58]} {[%emt 00:05:15]} Qe6
{[%clk 00:14:35]} {[%emt 00:00:56]} 28. Raa1 {[%clk 00:47:15]} {[%emt
00:01:53]} Qc4 {[%clk 00:11:52]} {[%emt 00:02:52]} 29. Bd2 {[%clk 00:46:20]}
{[%emt 00:01:04]} Qd5 {[%clk 00:09:25]} {[%emt 00:02:40]} 30. Be3 {[%clk
00:44:36]} {[%emt 00:01:54]} Rcd8 {[%clk 00:06:49]} {[%emt 00:02:46]} 31. h3
{[%clk 00:42:55]} {[%emt 00:01:51]} Qb3 {[%clk 00:06:26]} {[%emt 00:00:33]} 32.
Qa2 {[%clk 00:41:21]} {[%emt 00:01:41]} Qc3 {[%clk 00:05:41]} {[%emt 00:00:57]}
33. Rab1 {[%clk 00:39:05]} {[%emt 00:02:26]} a5 {[%clk 00:05:18]} {[%emt
00:00:33]} 34. Qb3 {[%emt 00:01:20]} axb4 {[%clk 00:04:00]} {[%emt 00:01:27]}
35. axb4 {[%clk 00:37:56]} Qxb3 {[%clk 00:03:36]} {[%emt 00:00:34]} 36. Rxb3
{[%clk 00:37:56]} f5 {[%clk 00:03:08]} {[%emt 00:00:38]} 37. Rdb1 {[%clk
00:36:16]} {[%emt 00:01:49]} Ra8 {[%clk 00:02:38]} {[%emt 00:00:41]} 38. b5
{[%clk 00:35:37]} {[%emt 00:00:50]} Re5 {[%clk 00:01:47]} {[%emt 00:01:00]} 39.
Rxd3 {[%clk 00:31:23]} {[%emt 00:04:25]} exd3 {[%clk 00:01:47]} {[%emt
00:00:02]} 40. Bxb7 {[%clk 00:31:23]} {[%emt 00:00:08]} Rae8 {[%clk 00:01:24]}
{[%emt 00:00:32]} 41. Bf3 {[%clk 00:30:44]} {[%emt 00:00:49]} Rxe3 {[%clk
00:00:33]} {[%emt 00:01:02]} 42. fxe3 {[%clk 00:30:44]} {[%emt 00:00:02]} Rxe3
{[%clk 00:00:33]} {[%emt 00:00:02]} 43. Kf2 {[%clk 00:30:39]} {[%emt 00:00:16]}
Re5 {[%clk 00:00:21]} {[%emt 00:00:22]} 44. b6 {[%clk 00:30:39]} {[%emt
00:00:07]} f4 {[%clk 00:00:06]} {[%emt 00:00:25]} 45. gxf4 {[%clk 00:30:39]}
{[%emt 00:00:09]} d2 {[%clk 00:00:06]} {[%emt 00:00:04]} 46. fxe5 {[%clk
00:30:39]} {[%emt 00:00:06]} 1-0